El sistema de gobierno en la Gran Bretaña

Gespeichert in:
Bibliographische Detailangaben
1. Verfasser: Robson, William A (VerfasserIn)
Format: Buch
Sprache:Spanisch
Veröffentlicht: Londres Longmans Green 1941
Schlagworte:
Tags: Tag hinzufügen
Keine Tags, Fügen Sie den ersten Tag hinzu!

MARC

LEADER 00000nam a2200000 a 4500
001 UCR3888
003 CL-VaPUC
008 980130e19410000UK |||||||||||||||||spa|d
082 0 4 |a 321.942  |b ROB  |2 21 
100 0 |a Robson, William A  |e author  |9 403316 
245 1 3 |a El sistema de gobierno en la Gran Bretaña 
300 |a 37 p 
942 |c BK 
945 |d 19980130 00:00:00  |a aolguin 
260 |a Londres  |b Longmans Green  |c 1941 
650 0 |a Gobierno   |9 255508 
650 0 |a Parlamento  |9 338611 
650 0 |a Poder político  |9 255509 
650 0 |a Monarquía   |9 255259 
650 7 |a SISTEMAS POLITICOS  |2 CL-VaPUC  |9 403317 
651 0 |a Gran Bretaña  |9 256767 
583 |a last modification  |c 19980130 00:00:00  |k Rodrigo Vera 
999 |c 266907  |d 266905 
952 |0 0  |1 0  |4 0  |6 321_942000000000000_ROB_1941  |7 0  |8 P  |9 298937  |a BIBDER  |b BIBDER  |d 2019-11-20  |i 1953850  |o 321.942 ROB 1941  |p 1953850  |r 2023-01-25  |w 2019-11-20  |y BK  |k DER